Principles of VLSI Design (Record no. 705)
[ view plain ]
| 000 -LEADER | |
|---|---|
| fixed length control field | 00337nam a2200145Ia 4500 |
| 003 - CONTROL NUMBER IDENTIFIER | |
| control field | OSt |
| 008 - FIXED-LENGTH DATA ELEMENTS--GENERAL INFORMATION | |
| fixed length control field | 191201s2013 xx 000 0 und d |
| 082 ## - DEWEY DECIMAL CLASSIFICATION NUMBER | |
| Classification number | 621.381 |
| Item number | MIP |
| 100 ## - MAIN ENTRY--PERSONAL NAME | |
| Personal name | MITTAL, Nitin |
| 245 #0 - TITLE STATEMENT | |
| Title | Principles of VLSI Design |
| 260 ## - PUBLICATION, DISTRIBUTION, ETC. (IMPRINT) | |
| Place of publication, distribution, etc | New Delhi |
| Name of publisher, distributor, etc | Bharat Pub |
| Date of publication, distribution, etc | 2013 |
| 300 ## - PHYSICAL DESCRIPTION | |
| Extent | 344 |
| 650 ## - SUBJECT ADDED ENTRY--TOPICAL TERM | |
| Topical term or geographic name as entry element | B.Tech(CSE) |
| 942 ## - ADDED ENTRY ELEMENTS (KOHA) | |
| Source of classification or shelving scheme | Dewey Decimal Classification |
| Koha item type | Text Books |
| Withdrawn status | Lost status | Source of classification or shelving scheme | Damaged status | Not for loan | Collection code | Home library | Current library | Date acquired | Source of acquisition | Bill Number | Total Checkouts | Full call number | Acc. no. / Barcode | Date last seen | Date last borrowed | Bill Date | Koha item type | Public note |
|---|---|---|---|---|---|---|---|---|---|---|---|---|---|---|---|---|---|---|
| Dewey Decimal Classification | B.Tech(ECE) | PIET C-LIBRARY | PIET C-LIBRARY | 16/07/2015 | Donated by 2810206 Vaibhav Goyal | Donated by 2810206 Vaibhav Goyal | 1 | 621.381 MIP | 27268 | 27/12/2019 | 11/12/2019 | 25/06/2015 | Text Books | Donated by 2810206 Vaibhav Goyal | ||||
| Dewey Decimal Classification | B.Tech(ECE) | PIET C-LIBRARY | PIET C-LIBRARY | 16/07/2015 | Donated by 2810206 Vaibhav Goyal | Donated by 2810206 Vaibhav Goyal | 621.381 MIP | 27269 | 04/12/2019 | 25/06/2015 | Text Books | Donated by 2810206 Vaibhav Goyal |